|
|
|
|
| LEADER |
00929nam a2200229 u 4500 |
| 001 |
10038467 |
| 003 |
GR-PaULI |
| 005 |
20210117211152.0 |
| 008 |
010109s1969 gr gre |
| 952 |
|
|
|0 0
|1 0
|2 ddc
|4 0
|6 116_000000000000000_ΚΑΡ
|7 0
|9 243752
|a LISP
|b LISP
|c BSC
|d 2020-09-24
|i 002271
|l 0
|o 116 ΚΑΡ
|p 025000088103
|r 2020-09-24 00:00:00
|t 1
|v 2020.00
|w 2020-09-24
|y BK15
|
| 999 |
|
|
|c 147099
|d 147099
|
| 040 |
|
|
|a GR-PaULI
|c GR-PaULI
|b gre
|e AACR2
|
| 082 |
0 |
4 |
|a 116
|2 23
|
| 100 |
1 |
|
|a Καραμήτσος, Φώτης
|9 183268
|e συγγραφέας.
|
| 245 |
1 |
2 |
|a Η θεωρία της προόδου /
|b
|c Φώτη Καραμήτσου.
|
| 260 |
|
|
|a Αθήνα :
|b Ιωλκός,
|c 1969.
|
| 300 |
|
|
|a 130 σ. ;
|c 21 εκ.
|
| 490 |
1 |
|
|a Μετά έρευνα
|v 1.
|
| 650 |
|
4 |
|9 77524
|a Πρόοδος
|x Φιλοσοφία.
|
| 830 |
|
0 |
|9 183274
|a Μετά έρευνα (Ιωλκός)
|v 1.
|
| 942 |
|
|
|2 ddc
|c BK15
|
| 998 |
|
|
|c ΜΠΟΥΡΑΣ
|d 2020-09
|